Studies on the synthesis of nadic anhydride (Record no. 53515)
[ view plain ]
| 000 -LEADER | |
|---|---|
| fixed length control field | 00579nam a22001577a 4500 |
| 008 - FIXED-LENGTH DATA ELEMENTS--GENERAL INFORMATION | |
| fixed length control field | 230713b |||||||| |||| 00| 0 eng d |
| 040 ## - CATALOGING SOURCE | |
| Original cataloging agency | National Science Library |
| Transcribing agency | National Science Library |
| 080 ## - UNIVERSAL DECIMAL CLASSIFICATION NUMBER | |
| Universal Decimal Classification number | T 54.057:547.582 |
| Item number | M8 |
| 100 ## - MAIN ENTRY--PERSONAL NAME | |
| Personal name | Sen, A K |
| 245 ## - TITLE STATEMENT | |
| Title | Studies on the synthesis of nadic anhydride |
| Statement of responsibility, etc. | / Defence Materials & Stores Research & Development Establishment |
| 260 ## - PUBLICATION, DISTRIBUTION, ETC. | |
| Place of publication, distribution, etc. | Kanpur: |
| Name of publisher, distributor, etc. | Defence Materials & Stores Research & Development Establishment, |
| Date of publication, distribution, etc. | 1988 |
| 300 ## - PHYSICAL DESCRIPTION | |
| Extent | 20p. |
| 650 ## - SUBJECT ADDED ENTRY--TOPICAL TERM | |
| Topical term or geographic name entry element | Defence materials |
| 653 ## - INDEX TERM--UNCONTROLLED | |
| Uncontrolled term | Stores research |
| 942 ## - ADDED ENTRY ELEMENTS (KOHA) | |
| Source of classification or shelving scheme | Universal Decimal Classification |
| Koha item type | Reports |
| Withdrawn status | Lost status | Source of classification or shelving scheme | Damaged status | Not for loan | Home library | Current library | Shelving location | Date acquired | Total Checkouts | Full call number | Barcode | Date last seen | Price effective from | Koha item type |
|---|---|---|---|---|---|---|---|---|---|---|---|---|---|---|
| Universal Decimal Classification | National Science Library | National Science Library | GF/Rk-8/C-12/R-4 | 26/10/1993 | T 54.057:547.582 M8 | T 00076 | 19/07/2023 | 26/10/1993 | Reports |